Sanat - "Päällekkäin" - Ida Paul & Kalle Lindroth - Statistics

Yleistilastot
  • Tätä visaa on pelattu 24 kertaa
    22 viimeisimmän päivityksen jälkeen
  • Keskiarvotulos 173 / 199
Vastaustilastot
Vastaus % Oikein
ei
100%
jos
100%
Jos
100%
meidän
100%
niin
100%
päällekkäin
100%
100%
voi
100%
Eiffel-tornii
94%
et
94%
haluis
94%
Helsinkiin
94%
ikin
94%
ja
94%
Ja
94%
kävisit
94%
kuvat
94%
laitoin
94%
94%
94%
näkisit
94%
päin
94%
sen
94%
täällä
94%
tuoda
94%
vaan
94%
vähän
94%
vaik
94%
Ihmiset
88%
ihmisii
88%
kaivariin
88%
mun
88%
on
88%
oo
88%
oon
88%
että
81%
hereil
81%
kauniimpi
81%
kellotkaan
81%
kun
81%
näin
81%
oikeesti
81%
siellä
81%
soinu
81%
tähdet
81%
vaikka
81%
viesteilläs
81%
eilen
75%
hokemaan
75%
itelle
75%
kilsat
75%
kilsoja
75%
kuusta
75%
kuvan
75%
laitat
75%
lentää
75%
linjoja
75%
nähdä
75%
nyt
75%
päihtyny
75%
pitkin
75%
se
75%
taas
75%
tiedät
75%
unohdin
75%
vaikkei
75%
vastata
75%
vielä
75%
alan
69%
anteeks
69%
ettei
69%
huvittaa
69%
hyvin
69%
kaikki
69%
koitat
69%
kuinka
69%
laitoit
69%
mennä
69%
Mul
69%
mulle
69%
mut
69%
paikasta
69%
rannasta
69%
sanoilla
69%
sanot
69%
sulle
69%
toiseen
69%
voinu
69%
pitäs
63%
kuvailla
50%
toivoit
50%
meidät
25%
haluais
13%
Ehtoja vastaavia visoja ei löytynyt
Tulosjakauma
Jokaisen tuloksen saaneiden osuus
Persentiili vastausten määrän mukaan
Tuloshistoriasi
Et ole pelannut tätä visaa sen viimeisimmän päivityksen jälkeen